Berpindah rumah

Bibliographic Details
Main Author: Suhaimi Mamat , 1974-
Corporate Author: Perbadanan Perpustakaan Awam Johor
Format: Book
Published: Johor : Perbadanan Perpustakaan Awam Johor , 2019
Subjects:

MARC

LEADER 00000cam a2200000 7i4500
001 0000084282
005 20191111.0
008 191111
020 |a 9789672083290 
041 0 |a Malay 
090 0 0 |a JF   |b MAL 
100 0 |a Suhaimi Mamat ,   |d 1974- 
245 0 0 |a Berpindah rumah   |c Suhaimi Bin Mamat 
260 |a Johor :   |b Perbadanan Perpustakaan Awam Johor ,   |c 2019 
300 |a 29 p. :   |b col.,ill. ;   |c 26 cm. 
500 |a Children ages 7-9 years old (orange) 
541 0 0 |c Purchased on 2019   |f PPAJ 
650 0 |a Children's stories, Malay 
650 0 |a Malay fiction 
710 1 |a Perbadanan Perpustakaan Awam Johor 
999 |a 0001595849   |b Book   |c Children Collection   |e Cawangan Muar 
999 |a 0001595850   |b Book   |c Children Collection   |e Cawangan Muar 
999 |a 0001595851   |b Book   |c Children Collection   |e Cawangan Muar 
999 |a 0001595852   |b Book   |c Children Collection   |e Cawangan Muar 
999 |a 0001595853   |b Book   |c Children Collection   |e Cawangan Muar 
999 |a 0001595854   |b Book   |c Children Collection   |e Cawangan Muar 
999 |a 0001595855   |b Book   |c Children Collection   |e Cawangan Muar 
999 |a 0001595856   |b Book   |c Children Collection   |e Cawangan Muar 
999 |a 0001595857   |b Book   |c Children Collection   |e Cawangan Muar 
999 |a 0001618238   |b Book   |c Children Collection   |e Cawangan Taman Sri Lambak 
999 |a 0001618239   |b Book   |c Children Collection   |e Cawangan Taman Sri Lambak 
999 |a 0001618240   |b Book   |c Children Collection   |e Cawangan Taman Sri Lambak 
999 |a 0001618241   |b Book   |c Children Collection   |e Cawangan Bukit Gambir 
999 |a 0001618242   |b Book   |c Children Collection   |e Cawangan Bukit Gambir 
999 |a 0001618243   |b Book   |c Children Collection   |e Cawangan Bukit Gambir 
999 |a 0001618244   |b Book   |c Children Collection   |e Cawangan Bukit Gambir 
999 |a 0001618245   |b Book   |c Children Collection   |e Cawangan Bukit Gambir 
999 |a 0001618251   |b Book   |c Children Collection   |e Cawangan Bandar Penawar 
999 |a 0001618252   |b Book   |c Children Collection   |e Cawangan Bandar Penawar 
999 |a 0001618253   |b Book   |c Children Collection   |e Cawangan Bandar Penawar 
999 |a 0001618254   |b Book   |c Children Collection   |e Cawangan Bandar Penawar 
999 |a 0001618255   |b Book   |c Children Collection   |e Cawangan Bandar Penawar 
999 |a 0001618256   |b Book   |c Children Collection   |e Cawangan Batu Pahat 
999 |a 0001618257   |b Book   |c Children Collection   |e Cawangan Batu Pahat 
999 |a 0001618258   |b Book   |c Children Collection   |e Cawangan Batu Pahat 
999 |a 0001618259   |b Book   |c Children Collection   |e Cawangan Batu Pahat 
999 |a 0001618260   |b Book   |c Children Collection   |e Cawangan Tmn. Ungku Tun Aminah 
999 |a 0001618261   |b Book   |c Children Collection   |e Cawangan Tmn. Ungku Tun Aminah 
999 |a 0001618262   |b Book   |c Children Collection   |e Cawangan Tmn. Ungku Tun Aminah 
999 |a 0001618263   |b Book   |c Children Collection   |e Cawangan Tmn. Ungku Tun Aminah 
999 |a 0001618264   |b Book   |c Children Collection   |e Cawangan Tmn. Ungku Tun Aminah 
999 |a 0001618265   |b Book   |c Children Collection   |e Cawangan Taman Universiti 
999 |a 0001618266   |b Book   |c Children Collection   |e Cawangan Taman Universiti 
999 |a 0001618267   |b Book   |c Children Collection   |e Cawangan Batu Pahat 
999 |a 0001618268   |b Book   |c Children Collection   |e Cawangan Taman Universiti 
999 |a 0001618269   |b Book   |c Children Collection   |e Cawangan Taman Universiti 
999 |a 0001618270   |b Book   |c Children Collection   |e Cawangan Taman Universiti 
999 |a 0001618271   |b Book   |c Children Collection   |e Cawangan Muar 
999 |a 0001618272   |b Book   |c Children Collection   |e Cawangan Muar 
999 |a 0001618273   |b Book   |c Children Collection   |e Cawangan Muar 
999 |a 0001618274   |b Book   |c Children Collection   |e Cawangan Muar 
999 |a 0001618275   |b Book   |c Children Collection   |e Cawangan Muar 
999 |a 0001618276   |b Book   |c Children Collection   |e Cawangan Mersing 
999 |a 0001618277   |b Book   |c Children Collection   |e Cawangan Mersing 
999 |a 0001618278   |b Book   |c Children Collection   |e Cawangan Segamat 
999 |a 0001618279   |b Book   |c Children Collection   |e Cawangan Segamat 
999 |a 0001618280   |b Book   |c Children Collection   |e Cawangan Segamat 
999 |a 0001618281   |b Book   |c Children Collection   |e Cawangan Mersing 
999 |a 0001618282   |b Book   |c Children Collection   |e Cawangan Mersing 
999 |a 0001618283   |b Book   |c Children Collection   |e Cawangan Mersing 
999 |a 0001618284   |b Book   |c Children Collection   |e Cawangan Taman Sri Lambak 
999 |a 0001618285   |b Book   |c Children Collection   |e Cawangan Taman Sri Lambak 
999 |a 0001618286   |b Book   |c Children Collection   |e Cawangan Segamat 
999 |a 0001618287   |b Book   |c Children Collection   |e Cawangan Segamat 
999 |a 0001618288   |b Book   |c Children Collection   |e Cawangan Pontian 
999 |a 0001618289   |b Book   |c Children Collection   |e Cawangan Pontian 
999 |a 0001618290   |b Book   |c Children Collection   |e Cawangan Pontian 
999 |a 0001618291   |b Book   |c Children Collection   |e Cawangan Pontian 
999 |a 0001618292   |b Book   |c Children Collection   |e Cawangan Pontian 
999 |a 0001618293   |b Book   |c Children Collection   |e Cawangan Kota Tinggi 
999 |a 0001618294   |b Book   |c Children Collection   |e Cawangan Kota Tinggi 
999 |a 0001618295   |b Book   |c Children Collection   |e Cawangan Kota Tinggi 
999 |a 0001618296   |b Book   |c Children Collection   |e Cawangan Kota Tinggi 
999 |a 0001618297   |b Book   |c Children Collection   |e Cawangan Kota Tinggi 
999 |a 0001618298   |b Book   |c Children Collection   |e Cawangan Bandar Tenggara 
999 |a 0001618299   |b Book   |c Children Collection   |e Cawangan Bandar Tenggara 
999 |a 0001618300   |b Book   |c Children Collection   |e Cawangan Bandar Tenggara 
999 |a 0001618301   |b Book   |c Children Collection   |e Cawangan Bandar Tenggara 
999 |a 0001618302   |b Book   |c Children Collection   |e Cawangan Bandar Tenggara 
999 |a 0001618303   |b Book   |c Children Collection   |e Cawangan Tangkak 
999 |a 0001618304   |b Book   |c Children Collection   |e Cawangan Tangkak 
999 |a 0001618305   |b Book   |c Children Collection   |e Cawangan Tangkak 
999 |a 0001618306   |b Book   |c Children Collection   |e Cawangan Tangkak 
999 |a 0001618307   |b Book   |c Children Collection   |e Cawangan Tangkak 
999 |a 0001618540   |b Book   |c Children Collection   |e Cawangan AEON Kulaijaya 
999 |a 0001618541   |b Book   |c Children Collection   |e Cawangan AEON Kulaijaya 
999 |a 0001618542   |b Book   |c Children Collection   |e Cawangan AEON Kulaijaya 
999 |a 0001618543   |b Book   |c Children Collection   |e Cawangan AEON Kulaijaya 
999 |a 0001618544   |b Book   |c Children Collection   |e Cawangan AEON Kulaijaya 
999 |a 0001618545   |b Book   |c Children Collection   |e Cawangan Urban Transformation Centre 
999 |a 0001618546   |b Book   |c Children Collection   |e Cawangan Urban Transformation Centre 
999 |a 0001618547   |b Book   |c Children Collection   |e Cawangan Urban Transformation Centre 
999 |a 0001618548   |b Book   |c Children Collection   |e Cawangan Urban Transformation Centre 
999 |a 0001618549   |b Book   |c Children Collection   |e Cawangan Urban Transformation Centre 
999 |a 0001618720   |b Book   |c Children Collection   |e Perbadanan Perpustakaan Awam Johor